[Event "Vesterhav"]
[Site "Esbjerg"]
[Date "2008.07.18"]
[Round "10"]
[White "Madsen, Tobias Juul"]
[Black "Prohl, Frank"]
[Result "1/2-1/2"]
[WhiteElo "1608"]
[BlackElo "1226"]
[PlyCount "100"]
[EventDate "2008.07.11"]
[EventType "swiss"]
[EventRounds "10"]
[EventCountry "DEN"]
[Source "ChessBase"]
[SourceDate "2008.09.01"]

1. e4 c5 2. Nc3 a6 3. a4 e5 4. g3 Nf6 5. Bg2 d6 6. Nge2 Nc6 7. O-O Be7 8. d3 h6
9. f4 exf4 10. Bxf4 O-O 11. Qd2 g5 12. Be3 Be6 13. h3 Nh7 14. g4 Qa5 15. Ng3 f6
16. Nf5 Bxf5 17. exf5 Rae8 18. Nd5 Qxd2 19. Bxd2 Bd8 20. Be1 Rf7 21. Bg3 Rd7
22. Rfe1 Rxe1+ 23. Rxe1 Kf7 24. c3 Ba5 25. Re6 Ne5 26. d4 cxd4 27. cxd4 Nc6 28.
Bxd6 Nxd4 29. Re7+ Rxe7 30. Bxe7 b5 31. b4 Bc7 32. Bc5 Be5 33. axb5 axb5 34.
Bxd4 Bxd4+ 35. Kh1 Nf8 36. Bf1 Nd7 37. Bxb5 Nb6 38. Nxb6 Bxb6 39. Kg2 Ke7 40.
Kf3 Kd8 41. Ke4 Kc7 42. Kd5 Be3 43. Ba4 Kb6 44. Ke6 Bd4 45. Kf7 Bc3 46. Kg6 Kc7
47. Kxh6 Bxb4 48. Kh5 Kd6 49. h4 gxh4 50. Kxh4 Bd2 1/2-1/2

[Event "Vesterhav"]
[Site "Esbjerg"]
[Date "2008.07.18"]
[Round "10"]
[White "Malakhatko, Vadim"]
[Black "Leenhouts, Koen"]
[Result "1-0"]
[WhiteElo "2612"]
[BlackElo "2400"]
[PlyCount "105"]
[EventDate "2008.07.11"]
[EventType "swiss"]
[EventRounds "10"]
[EventCountry "DEN"]
[Source "ChessBase"]
[SourceDate "2008.09.01"]

1. d4 Nf6 2. c4 g6 3. Nc3 Bg7 4. e4 d6 5. Nf3 O-O 6. Be2 e5 7. O-O Nc6 8. d5
Ne7 9. b4 Nh5 10. Re1 f5 11. Ng5 Nf6 12. Bf3 c6 13. b5 cxd5 14. cxd5 h6 15. Ne6
Bxe6 16. dxe6 fxe4 17. Nxe4 Nxe4 18. Bxe4 d5 19. Ba3 dxe4 20. Qxd8 Rfxd8 21.
Bxe7 Re8 22. Bc5 Rxe6 23. Be3 a6 24. b6 Rc8 25. Rac1 Rcc6 26. Rxc6 Rxc6 27. Rd1
Rf6 28. Kf1 Bf8 29. Rd8 g5 30. Ke2 Kg7 31. h4 Rd6 32. Rxf8 Kxf8 33. Bc5 Ke7 34.
hxg5 hxg5 35. Ke3 Ke6 36. Bxd6 Kxd6 37. Kxe4 g4 38. Kf5 g3 39. fxg3 Kd5 40. g4
e4 41. g5 e3 42. g6 e2 43. g7 e1=Q 44. g8=Q+ Kc5 45. Qc8+ Kb4 46. Qxb7 Qh1 47.
Qd5 Qh7+ 48. Kf6 Qh4+ 49. Kf7 Qh7+ 50. Ke8 Qg6+ 51. Kd7 Qg4+ 52. Kc7 Qg7+ 53.
Kb8 1-0

[Event "Vesterhav"]
[Site "Esbjerg"]
[Date "2008.07.18"]
[Round "10"]
[White "Motzkus, Mikkel"]
[Black "Luther, Lasse"]
[Result "1/2-1/2"]
[WhiteElo "1995"]
[BlackElo "1912"]
[PlyCount "56"]
[EventDate "2008.07.11"]
[EventType "swiss"]
[EventRounds "10"]
[EventCountry "DEN"]
[Source "ChessBase"]
[SourceDate "2008.09.01"]

1. d4 Nf6 2. Nf3 g6 3. c4 Bg7 4. Nc3 d6 5. e4 O-O 6. Be2 e5 7. O-O Nc6 8. d5
Ne7 9. b4 Nh5 10. Ne1 Nf4 11. Bf3 f5 12. a4 g5 13. Ra2 g4 14. Be2 Nxe2+ 15.
Qxe2 f4 16. f3 g3 17. h3 Rf7 18. a5 Ng6 19. Nd3 Nh4 20. c5 Bf8 21. c6 bxc6 22.
dxc6 Rg7 23. Rb2 Qg5 24. Nd5 a6 25. b5 axb5 26. Rxb5 Ba6 27. Rb7 Qd8 28. Bd2
Rb8 1/2-1/2

[Event "Vesterhav"]
[Site "Esbjerg"]
[Date "2008.07.18"]
[Round "10"]
[White "Nielsen, Lasse Simoni"]
[Black "Johansen, Johnny Holler"]
[Result "1-0"]
[WhiteElo "1888"]
[BlackElo "2029"]
[PlyCount "81"]
[EventDate "2008.07.11"]
[EventType "swiss"]
[EventRounds "10"]
[EventCountry "DEN"]
[Source "ChessBase"]
[SourceDate "2008.09.01"]

1. e4 c5 2. Nc3 Nc6 3. g3 d6 4. Bg2 g6 5. d3 Bg7 6. Be3 Bd7 7. Qd2 a6 8. Nd1 e5
9. c3 Nge7 10. Ne2 Qa5 11. f4 f5 12. O-O O-O 13. Nf2 Be6 14. Rfd1 Rfd8 15. d4
cxd4 16. cxd4 Qxd2 17. Rxd2 fxe4 18. Nxe4 Nd5 19. Ng5 Nxe3 20. Nxe6 Rdc8 21.
Bh3 Bh6 22. dxe5 dxe5 23. Rd7 exf4 24. N2xf4 Ne5 25. Rxb7 Rc2 26. Bg2 Bxf4 27.
Rg7+ Kh8 28. Bxa8 Nf5 29. gxf4 Nxg7 30. Nxg7 Ng4 31. Ne6 Rxb2 32. h3 Nf2 33.
Bg2 Kg8 34. Nc5 a5 35. Rf1 Rc2 36. Rxf2 Rxc5 37. Kh2 Kg7 38. Rb2 Kf6 39. Kg3 h6
40. Be4 Rc4 41. Rb6+ 1-0

[Event "Vesterhav"]
[Site "Esbjerg"]
[Date "2008.07.18"]
[Round "10"]
[White "Oehmichen, Jan"]
[Black "Nordin, Eric"]
[Result "1-0"]
[WhiteElo "1853"]
[BlackElo "1991"]
[PlyCount "36"]
[EventDate "2008.07.11"]
[EventType "swiss"]
[EventRounds "10"]
[EventCountry "DEN"]
[Source "ChessBase"]
[SourceDate "2008.09.01"]

1. c4 g6 2. Nf3 Bg7 3. Nc3 c5 4. g3 Nc6 5. Bg2 e6 6. e4 Nge7 7. O-O O-O 8. d3
b6 9. Be3 d5 10. exd5 exd5 11. cxd5 Nxd5 12. Nxd5 Qxd5 13. Nd4 Qd6 14. Nxc6 Bb7
15. Bf4 Qd7 16. Ne5 Bxe5 17. Bxb7 Bxb2 18. Bxa8 Bxa1 1-0

[Event "Vesterhav"]
[Site "Esbjerg"]
[Date "2008.07.18"]
[Round "10"]
[White "Pedersen, Lars Wisler"]
[Black "Nielsen, Jesper1"]
[Result "1-0"]
[WhiteElo "1893"]
[BlackElo "1718"]
[PlyCount "145"]
[EventDate "2008.07.11"]
[EventType "swiss"]
[EventRounds "10"]
[EventCountry "DEN"]
[Source "ChessBase"]
[SourceDate "2008.09.01"]

1. e4 c6 2. Nf3 e6 3. d4 Ne7 4. c4 d5 5. cxd5 exd5 6. e5 Bg4 7. Be2 Na6 8. Bxa6
Qa5+ 9. Bd2 Qxa6 10. Qe2 Qxe2+ 11. Kxe2 Bxf3+ 12. Kxf3 Nf5 13. Be3 g6 14. g4
Ng7 15. Nd2 Ne6 16. Nb3 h5 17. g5 Be7 18. h4 O-O 19. Rac1 a5 20. Ke2 a4 21. Nd2
Ng7 22. Nf1 Rfe8 23. Ng3 Bf8 24. f4 Ra6 25. Rhf1 Nf5 26. Nxf5 gxf5 27. Rg1 Kh7
28. Rg2 Kg6 29. Kd3 Rb6 30. Rb1 Ra8 31. b3 a3 32. Bd2 Rb5 33. Rgg1 b6 34. b4
Ra4 35. Rgc1 c5 36. bxc5 Rxb1 37. Rxb1 bxc5 38. Rb6+ Kg7 39. dxc5 Bxc5 40. Rb7
Rd4+ 41. Kc2 Rc4+ 42. Kb3 Rd4 43. Bc3 Rxf4 44. e6+ d4 45. Rxf7+ Kg8 46. Ba5
Rxh4 47. Bd8 Rh3+ 48. Kc4 Rc3+ 49. Kd5 d3 50. Rd7 d2 51. Ke5 Re3+ 52. Kf6 Bb4
53. e7 f4 54. Bb6 Bxe7+ 55. Kf5 Re2 56. Kxf4 d1=Q 57. Rxd1 Rxa2 58. Bd4 Rg2 59.
Bf6 Rg4+ 60. Kf5 Bf8 61. Kg6 h4 62. Rd7 Re4 63. Rh7 Bg7 64. Rxg7+ Kf8 65. Rh7
Ke8 66. Rh8+ Kd7 67. Kf5 Re1 68. Rxh4 a2 69. Ra4 Rf1+ 70. Kg6 Rf2 71. Kf7 Rg2
72. g6 Kd6 73. g7 1-0

[Event "Vesterhav"]
[Site "Esbjerg"]
[Date "2008.07.18"]
[Round "10"]
[White "Brondt, Nicolai Kvist"]
[Black "Andersen, Mads"]
[Result "1/2-1/2"]
[WhiteElo "1966"]
[BlackElo "2092"]
[PlyCount "67"]
[EventDate "2008.07.11"]
[EventType "swiss"]
[EventRounds "10"]
[EventCountry "DEN"]
[Source "ChessBase"]
[SourceDate "2008.09.01"]

1. d4 Nf6 2. Nf3 g6 3. Bf4 Bg7 4. e3 d6 5. c3 O-O 6. Be2 Nbd7 7. Na3 b6 8. Nc4
Bb7 9. a4 a5 10. O-O Qe8 11. h3 Ne4 12. Nfd2 Nxd2 13. Qxd2 e5 14. Bh2 Qe7 15.
Rab1 f5 16. Rfd1 Rad8 17. b4 axb4 18. Rxb4 Ba8 19. a5 bxa5 20. Nxa5 Nb6 21.
Rbb1 Qg5 22. Bf1 Be4 23. Ra1 Kh8 24. Kh1 c5 25. f3 Ba8 26. Nc4 Nxc4 27. Bxc4 e4
28. f4 Qf6 29. Ra6 Qe7 30. Qa2 d5 31. Ra7 Qe8 32. Ba6 Rf7 33. Rxf7 Qxf7 34. Qa5
1/2-1/2

[Event "Vesterhav"]
[Site "Esbjerg"]
[Date "2008.07.18"]
[Round "10"]
[White "Pedersen, Torben Phalaris"]
[Black "Husted, Peter"]
[Result "1/2-1/2"]
[WhiteElo "1973"]
[BlackElo "2149"]
[PlyCount "49"]
[EventDate "2008.07.11"]
[EventType "swiss"]
[EventRounds "10"]
[EventCountry "DEN"]
[Source "ChessBase"]
[SourceDate "2008.09.01"]

1. e4 c5 2. Nf3 Nc6 3. Nc3 e6 4. g3 Nf6 5. Bg2 d5 6. exd5 exd5 7. O-O d4 8.
Re1+ Be7 9. Ne4 Nxe4 10. Rxe4 Bf5 11. Re1 d3 12. cxd3 O-O 13. d4 cxd4 14. d3
Bf6 15. Bf4 Qb6 16. Ne5 Bxe5 17. Bxe5 Rfe8 18. Bxc6 Qxc6 19. Bxd4 Rxe1+ 20.
Qxe1 Re8 21. Qf1 b6 22. Bc3 h5 23. Re1 Rxe1 24. Qxe1 f6 25. Qe3 1/2-1/2

[Event "Vesterhav"]
[Site "Esbjerg"]
[Date "2008.07.18"]
[Round "10"]
[White "Poulsen, Iver"]
[Black "Kristensen, Hans Hald"]
[Result "1/2-1/2"]
[WhiteElo "2147"]
[BlackElo "1820"]
[PlyCount "160"]
[EventDate "2008.07.11"]
[EventType "swiss"]
[EventRounds "10"]
[EventCountry "DEN"]
[Source "ChessBase"]
[SourceDate "2008.09.01"]

1. e4 c6 2. d4 d5 3. e5 e6 4. Bd3 c5 5. c3 Nc6 6. Nf3 c4 7. Bc2 b5 8. Ng5 g6 9.
O-O Qc7 10. Qe2 a5 11. f4 h6 12. Nf3 h5 13. b3 Nh6 14. Be3 Ng4 15. Bd2 Nh6 16.
Be1 Ba6 17. bxc4 dxc4 18. Bh4 Be7 19. Nbd2 Nf5 20. Bxf5 gxf5 21. Bf2 Rd8 22.
Rfc1 Rd7 23. Rab1 Ba3 24. Rc2 Ne7 25. Bh4 Nd5 26. g3 Qc6 27. Rf1 Bb7 28. h3 Nb6
29. Kh2 Na4 30. Bf6 Rg8 31. Nb1 Bf8 32. Ng5 b4 33. Qxh5 b3 34. axb3 cxb3 35.
Rd2 Nxc3 36. Rc1 Rxg5 37. Bxg5 Rxd4 38. Rf2 Rc4 39. Nd2 b2 40. Rg1 Ra4 41. Nb1
Ra1 42. Rd2 Nd5 43. Rxb2 a4 44. Qe2 a3 45. Rc2 Qb6 46. Qc4 Qb4 47. Nxa3 Rxa3
48. Rgc1 Qxc4 49. Rxc4 Ra2+ 50. R4c2 Rxc2+ 51. Rxc2 Be7 52. Bxe7 Kxe7 53. Ra2
Kf8 54. Ra3 Kg7 55. Kg1 Bc6 56. Kf2 Bb5 57. Rb3 Bc4 58. Rb8 Ba6 59. Ra8 Bc4 60.
Ra1 Bb5 61. Rb1 Bc4 62. Rd1 Bb5 63. Rd4 Ba6 64. g4 fxg4 65. hxg4 Bb7 66. Kg3
Nc3 67. Rb4 Bd5 68. Kh4 Ne4 69. Rd4 Nc5 70. Rd1 Nd7 71. Ra1 Nc5 72. Ra5 Nd3 73.
Kg5 Ne1 74. f5 Nf3+ 75. Kf4 Nd4 76. Ra7 Nc6 77. Rc7 Nd4 78. Rc8 exf5 79. gxf5
Nxf5 80. Rc1 Be6 1/2-1/2

[Event "Vesterhav"]
[Site "Esbjerg"]
[Date "2008.07.18"]
[Round "10"]
[White "Rasmussen, Karsten"]
[Black "Carlstedt, Jonathan"]
[Result "1-0"]
[WhiteElo "2458"]
[BlackElo "2203"]
[PlyCount "69"]
[EventDate "2008.07.11"]
[EventType "swiss"]
[EventRounds "10"]
[EventCountry "DEN"]
[Source "ChessBase"]
[SourceDate "2008.09.01"]

1. d4 Nf6 2. Nf3 g6 3. Nc3 d6 4. e4 Bg7 5. Be2 c6 6. a4 O-O 7. O-O Bg4 8. Be3
Nbd7 9. Nd2 Bxe2 10. Qxe2 e5 11. Rad1 Re8 12. dxe5 Nxe5 13. Rfe1 d5 14. Bg5
Ned7 15. Qd3 Ne5 16. Qh3 d4 17. Nb3 d3 18. cxd3 Qb6 19. Nc1 Qxb2 20. d4 Nc4 21.
Qd3 Na5 22. N1e2 Qb6 23. e5 Nd5 24. Ne4 Qc7 25. N2c3 h6 26. Nxd5 cxd5 27. Nf6+
Bxf6 28. Bxf6 Nc4 29. Qh3 Kh7 30. Rd3 Qc8 31. g4 h5 32. Rg3 Nd6 33. Qh4 Kg8 34.
Qg5 Kh7 35. Rh3 1-0

[Event "Vesterhav"]
[Site "Esbjerg"]
[Date "2008.07.18"]
[Round "10"]
[White "Rendboe, John Filip"]
[Black "Kovshoj, Sune"]
[Result "1-0"]
[WhiteElo "2234"]
[BlackElo "2013"]
[PlyCount "37"]
[EventDate "2008.07.11"]
[EventType "swiss"]
[EventRounds "10"]
[EventCountry "DEN"]
[Source "ChessBase"]
[SourceDate "2008.09.01"]

1. d4 g6 2. c4 Bg7 3. Nf3 Nf6 4. Nc3 d6 5. e4 O-O 6. Be3 Nbd7 7. Be2 c6 8. O-O
Qc7 9. h3 h6 10. b4 e5 11. Rc1 Nh5 12. Qd2 Kh7 13. Rfd1 a6 14. b5 f5 15. bxc6
bxc6 16. exf5 gxf5 17. dxe5 f4 18. exd6 Qa5 19. Bd4 1-0

[Event "Vesterhav"]
[Site "Esbjerg"]
[Date "2008.07.18"]
[Round "10"]
[White "Sande Caceres, Cipriano"]
[Black "Jensen, Torben Richard"]
[Result "0-1"]
[WhiteElo "1792"]
[BlackElo "1968"]
[PlyCount "72"]
[EventDate "2008.07.11"]
[EventType "swiss"]
[EventRounds "10"]
[EventCountry "DEN"]
[Source "ChessBase"]
[SourceDate "2008.09.01"]

1. c4 c6 2. g3 d5 3. cxd5 cxd5 4. d4 Nc6 5. Bg2 Bf5 6. Nf3 Bxb1 7. Rxb1 Qa5+ 8.
Bd2 Qxa2 9. O-O e6 10. Bc3 Qa6 11. b4 b5 12. e4 dxe4 13. Ng5 Nf6 14. Nxe4 Nd5
15. Qe1 Rd8 16. Ra1 Qb6 17. Nc5 Nb8 18. f4 g6 19. Bxd5 Rxd5 20. Qe3 Bg7 21. Ra3
O-O 22. Kg2 Rfd8 23. Rd1 Nc6 24. Ra6 Qc7 25. Nxe6 Qb7 26. Nxd8 Rxd8 27. Rxc6
Qxc6+ 28. d5 Qxc3 29. Rd3 Qxb4 30. Kf3 a5 31. Qb6 Re8 32. Re3 Rxe3+ 33. Kxe3
Bf8 34. Qb7 Qc3+ 35. Ke2 b4 36. Qa8 b3 0-1

[Event "Vesterhav"]
[Site "Esbjerg"]
[Date "2008.07.18"]
[Round "10"]
[White "Skaanning Pedersen, Kim Henrik"]
[Black "Straarup, Eigil"]
[Result "1-0"]
[WhiteElo "2173"]
[BlackElo "1998"]
[PlyCount "37"]
[EventDate "2008.07.11"]
[EventType "swiss"]
[EventRounds "10"]
[EventCountry "DEN"]
[Source "ChessBase"]
[SourceDate "2008.09.01"]

1. e4 e5 2. f4 exf4 3. Bc4 g5 4. Nc3 Bg7 5. h4 Qe7 6. d3 c6 7. hxg5 Qxg5 8. Nf3
Qg3+ 9. Kf1 d6 10. Ne2 Qg4 11. Rh4 Qd7 12. Rxf4 Nf6 13. Ng3 Qe7 14. Nh4 O-O 15.
Nhf5 Bxf5 16. Nxf5 Qd8 17. Rg4 Nxg4 18. Qxg4 Qf6 19. Bh6 1-0

[Event "Vesterhav"]
[Site "Esbjerg"]
[Date "2008.07.18"]
[Round "10"]
[White "Spirin, Oleg"]
[Black "Evdokimov, Alexander A"]
[Result "1/2-1/2"]
[WhiteElo "2446"]
[BlackElo "2555"]
[PlyCount "62"]
[EventDate "2008.07.11"]
[EventType "swiss"]
[EventRounds "10"]
[EventCountry "DEN"]
[Source "ChessBase"]
[SourceDate "2008.09.01"]

1. d4 Nf6 2. c4 g6 3. g3 Bg7 4. Bg2 d5 5. cxd5 Nxd5 6. e4 Nb6 7. Ne2 c5 8. d5
e6 9. Nbc3 exd5 10. exd5 O-O 11. O-O Bf5 12. h3 Na6 13. g4 Bd7 14. Bf4 f5 15.
g5 Re8 16. h4 Rc8 17. d6 Bc6 18. Nd5 Nxd5 19. Bxd5+ Kh8 20. Nc3 Be5 21. Bxc6
Rxc6 22. d7 Ree6 23. Bxe5+ Rxe5 24. Re1 Rxe1+ 25. Qxe1 Qxd7 26. Rd1 Qe6 27.
Qxe6 Rxe6 28. Rd7 b6 29. Rxa7 Nb4 30. a3 Nc6 31. Rb7 Ne7 1/2-1/2

[Event "Vesterhav"]
[Site "Esbjerg"]
[Date "2008.07.18"]
[Round "10"]
[White "Stubsgaard, Aske Lynge"]
[Black "Kops, John"]
[Result "0-1"]
[WhiteElo "1061"]
[BlackElo "1979"]
[PlyCount "128"]
[EventDate "2008.07.11"]
[EventType "swiss"]
[EventRounds "10"]
[EventCountry "DEN"]
[Source "ChessBase"]
[SourceDate "2008.09.01"]

1. c4 e6 2. g3 Nf6 3. Bg2 Be7 4. Nc3 O-O 5. e3 d5 6. d4 b6 7. Nge2 Ba6 8. b3
Nc6 9. O-O Qd7 10. Bb2 dxc4 11. bxc4 Bxc4 12. Re1 b5 13. a4 a6 14. axb5 axb5
15. Nf4 Rab8 16. d5 exd5 17. Ncxd5 Nxd5 18. Nxd5 Bxd5 19. Bxd5 Rfd8 20. e4 Nb4
21. Qd4 Bf8 22. Rac1 c6 23. Ba3 Nxd5 24. Bxf8 Rxf8 25. exd5 Qxd5 26. Qb4 Rfe8
27. Red1 Qf3 28. Qd6 Rbc8 29. Rd3 Qf6 30. Qc5 g6 31. Qb6 Re6 32. Qb7 Rce8 33.
Rdd1 Qf3 34. Rf1 Kg7 35. Rb1 Rf6 36. Qb6 Qa3 37. Ra1 Qf8 38. Rae1 Rb8 39. Qc7
Qc8 40. Qe5 Rb7 41. Rc1 Qf5 42. Qb2 c5 43. Rfe1 c4 44. Re5 Qd3 45. Rc3 Rxf2 46.
Kxf2 Qd4+ 47. Ree3 b4 48. Rc2 c3 49. Qc1 Rb6 50. Ke2 Qc4+ 51. Ke1 Rf6 52. Rf2
Rd6 53. Qc2 Ra6 54. Qc1 Rc6 55. Rf4 Qc5 56. Kf2 b3 57. Ke2 b2 58. Qb1 Qb5+ 59.
Kf2 c2 60. Rxf7+ Kxf7 61. Qa2+ Qc4 62. Qa7+ Rc7 63. Rf3+ Kg7 64. Qb8 Qc5+ 0-1

[Event "Vesterhav"]
[Site "Esbjerg"]
[Date "2008.07.18"]
[Round "10"]
[White "Svane, Henrik"]
[Black "Nielsen, Aage Sondergaard"]
[Result "1-0"]
[WhiteElo "2150"]
[BlackElo "1938"]
[PlyCount "69"]
[EventDate "2008.07.11"]
[EventType "swiss"]
[EventRounds "10"]
[EventCountry "DEN"]
[Source "ChessBase"]
[SourceDate "2008.09.01"]

1. d4 f5 2. g3 g6 3. Bg2 Bg7 4. Nf3 Nf6 5. O-O O-O 6. c4 d6 7. Nc3 Na6 8. Rb1
c6 9. b4 Nc7 10. d5 Bd7 11. Nd4 e5 12. dxe6 Nxe6 13. Nxe6 Bxe6 14. b5 Ne8 15.
Bb2 Qc7 16. bxc6 bxc6 17. Nb5 Qd7 18. Bxg7 Kxg7 19. Nd4 Rc8 20. Nxe6+ Qxe6 21.
Rb7+ Kg8 22. Qa4 Rf7 23. Rxf7 Kxf7 24. Bxc6 Qxe2 25. Qxa7+ Qe7 26. Qxe7+ Kxe7
27. Re1+ Kf8 28. Rxe8+ Rxe8 29. Bxe8 Kxe8 30. Kf1 Ke7 31. Ke2 Ke6 32. Kd3 g5
33. Kd4 h5 34. a4 f4 35. gxf4 1-0

[Event "Vesterhav"]
[Site "Esbjerg"]
[Date "2008.07.18"]
[Round "10"]
[White "Trarup, Jorgen"]
[Black "Mortensen, Carl Heinrich"]
[Result "1/2-1/2"]
[WhiteElo "1784"]
[BlackElo "1686"]
[PlyCount "88"]
[EventDate "2008.07.11"]
[EventType "swiss"]
[EventRounds "10"]
[EventCountry "DEN"]
[Source "ChessBase"]
[SourceDate "2008.09.01"]

1. e4 c6 2. d4 d5 3. exd5 cxd5 4. Nf3 Nf6 5. Be2 Bf5 6. O-O Nc6 7. c3 e6 8. Bd3
Bxd3 9. Qxd3 Bd6 10. Bg5 h6 11. Bh4 Qc7 12. Nbd2 g5 13. Bg3 Bxg3 14. fxg3 O-O-O
15. Rae1 Nh5 16. Ne5 Nxe5 17. Rxe5 Qd7 18. Qf3 f6 19. Re2 Qf7 20. b4 Rhf8 21.
g4 Ng7 22. a4 h5 23. h3 hxg4 24. hxg4 f5 25. Qe3 Qc7 26. gxf5 Nh5 27. fxe6
Rxf1+ 28. Nxf1 Nf4 29. Re1 Re8 30. e7 Qd7 31. Ng3 Qxa4 32. Ne2 Qd7 33. Nxf4
gxf4 34. Qe6 Qxe6 35. Rxe6 Kd7 36. Re5 Kd6 37. Kf2 a6 38. Kf3 b6 39. Kxf4 a5
40. Ke3 a4 41. Kd2 b5 42. Kc1 Rxe7 43. Rg5 Rf7 44. Rg6+ Ke7 1/2-1/2

[Event "Vesterhav"]
[Site "Esbjerg"]
[Date "2008.07.18"]
[Round "10"]
[White "Voss, Janine"]
[Black "Madsen, Egon Rysgaard"]
[Result "1/2-1/2"]
[WhiteElo "1832"]
[BlackElo "1677"]
[PlyCount "94"]
[EventDate "2008.07.11"]
[EventType "swiss"]
[EventRounds "10"]
[EventCountry "DEN"]
[Source "ChessBase"]
[SourceDate "2008.09.01"]

1. e4 e5 2. Nf3 Nc6 3. d4 exd4 4. Nxd4 Nf6 5. Nc3 d5 6. Bb5 Qd6 7. O-O Be6 8.
e5 Qd7 9. exf6 gxf6 10. Re1 O-O-O 11. Be3 a6 12. Nxc6 bxc6 13. Bxa6+ Kb8 14.
Ne2 c5 15. c4 Qc6 16. Bb5 Qb6 17. b4 c6 18. bxc5 Bxc5 19. Bxc5 Qxc5 20. Rb1 Kc7
21. Ba4 dxc4 22. Qc1 Rhg8 23. Qf4+ Rd6 24. Nc3 f5 25. Qe5 Qxe5 26. Rxe5 Rd3 27.
Rc1 Rb8 28. Kf1 Ra8 29. Bd1 Ra3 30. Re3 Raxc3 31. Rxc3 Rxd1+ 32. Ke2 Rb1 33.
Rc2 Kd6 34. Rh3 Kc5 35. Rxh7 Kb4 36. Rh8 Kc5 37. h4 f4 38. Kd2 Kd4 39. Rd8+ Kc5
40. Ra8 Kd4 41. Rd8+ Kc5 42. a3 Ra1 43. Rc3 Bd5 44. g4 Ra2+ 45. Rc2 Rxa3 46. h5
Be4 47. Rc1 Rh3 1/2-1/2

[Event "Vesterhav"]
[Site "Esbjerg"]
[Date "2008.07.18"]
[Round "10"]
[White "Wasenius, Thomas"]
[Black "Nielsen, Thomas (1994)"]
[Result "1-0"]
[WhiteElo "1196"]
[BlackElo "1084"]
[PlyCount "119"]
[EventDate "2008.07.11"]
[EventType "swiss"]
[EventRounds "10"]
[EventCountry "DEN"]
[Source "ChessBase"]
[SourceDate "2008.09.01"]

1. c4 c5 2. g3 g6 3. Bg2 Bg7 4. e3 Nc6 5. Ne2 d6 6. Nbc3 Nf6 7. O-O O-O 8. a3
Bd7 9. Rb1 Rb8 10. b4 b6 11. d3 e5 12. Qc2 Qc8 13. b5 Ne7 14. f4 Bh3 15. fxe5
dxe5 16. Ne4 Nxe4 17. dxe4 Bxg2 18. Kxg2 Rd8 19. Nc3 f5 20. Nd5 Nxd5 21. exd5
e4 22. Bb2 Rb7 23. Qf2 Bxb2 24. Rxb2 Qc7 25. Qf4 Qxf4 26. gxf4 Ra8 27. a4 a6
28. Kg3 axb5 29. axb5 Ra3 30. Re1 Rc3 31. Rd2 Rxc4 32. Ra1 Kf7 33. d6 Rd7 34.
Ra6 Ke6 35. Rxb6 Rc3 36. Kf2 Rd3 37. Ra2 R7xd6 38. Rxd6+ Kxd6 39. Ra6+ Kc7 40.
Rc6+ Kb7 41. Rxc5 Kb6 42. Re5 Rb3 43. Re7 Rb2+ 44. Kg3 Kxb5 45. Rxh7 Re2 46.
Rb7+ Kc6 47. Rb3 Kd5 48. h4 Kc4 49. Rb6 Rxe3+ 50. Kg2 Re2+ 51. Kg3 e3 52. Kf3
Re1 53. Rxg6 Kd3 54. Rd6+ Kc2 55. Rd5 e2 56. Kf2 Rd1 57. Re5 Kb3 58. Kxe2 Rh1
59. Rxf5 Rxh4 60. Ke3 1-0

[Event "Vesterhav"]
[Site "Esbjerg"]
[Date "2008.07.18"]
[Round "10"]
[White "Zachariassen, John"]
[Black "Hansen, Erik Hedegaard"]
[Result "1-0"]
[WhiteElo "1949"]
[BlackElo "1818"]
[PlyCount "27"]
[EventDate "2008.07.11"]
[EventType "swiss"]
[EventRounds "10"]
[EventCountry "DEN"]
[Source "ChessBase"]
[SourceDate "2008.09.01"]

1. f4 e5 2. e4 h5 3. Nf3 exf4 4. d4 g5 5. Bc4 Rh6 6. h4 g4 7. Ng5 Rf6 8. Nc3 c6
9. e5 Rf5 10. O-O Rxg5 11. hxg5 Qxg5 12. Bxf4 Qh4 13. Bxf7+ Ke7 14. Ne4 1-0

[Event "Vesterhav"]
[Site "Esbjerg"]
[Date "2008.07.18"]
[Round "10"]
[White "Zyde, Fadmal"]
[Black "Voss, Chantal"]
[Result "0-1"]
[WhiteElo "1659"]
[BlackElo "1913"]
[PlyCount "114"]
[EventDate "2008.07.11"]
[EventType "swiss"]
[EventRounds "10"]
[EventCountry "DEN"]
[Source "ChessBase"]
[SourceDate "2008.09.01"]

1. g3 d5 2. d4 e6 3. Bg2 Nf6 4. Nc3 c5 5. Nf3 Nc6 6. O-O cxd4 7. Nxd4 Be7 8.
Re1 O-O 9. e4 Nxd4 10. Qxd4 dxe4 11. Qxd8 Rxd8 12. Nxe4 Nd5 13. a3 Bd7 14. c4
Nb6 15. c5 Nd5 16. b4 b6 17. cxb6 axb6 18. Bb2 Rac8 19. Rac1 Ba4 20. Rxc8 Rxc8
21. Rc1 Rd8 22. Nc3 Nxc3 23. Bxc3 f6 24. f4 Kf7 25. Kf2 Bb5 26. Bf1 Bxf1 27.
Kxf1 Rd5 28. Ke2 Ke8 29. Ke3 Kd7 30. Bd4 Bd8 31. a4 h6 32. b5 g5 33. fxg5 hxg5
34. g4 f5 35. gxf5 exf5 36. h3 Rd6 37. Be5 Rh6 38. Rh1 Rh4 39. Bd4 Ke6 40. Rc1
Rxh3+ 41. Kf2 Rh4 42. Rc6+ Kd5 43. Bxb6 Bxb6+ 44. Rxb6 Rxa4 45. Rb8 Rb4 46. b6
Kc6 47. Rg8 g4 48. Rg6+ Kd5 49. Ke3 Ke5 50. Rc6 Rb3+ 51. Kd2 f4 52. Kc2 Rb5 53.
Kc3 g3 54. Kc4 Rb1 55. Rc5+ Ke4 56. Rb5 Rxb5 57. Kxb5 g2 0-1